000 00532nam a22001817a 4500
999 _c185456
_d185456
005 20220203103908.0
010 _aENG-131370
020 _a9789390869190
_c240.00
035 _aEN-114902
037 _bDBAD
082 _aS
100 _aVANI
245 _aSeconds Later/
_cVani
260 _aMaharashtra
_bVihwakarma Publications
_c2021
270 _a34A/1, Suyog Center, 7th Floor, Gultekadi Marketyard Road, Giridhar Bhavan Chowk
_bPune
_e411037
_minfo@vpindia.co.in
300 _a182p.
_c22cm(pbk)
942 _2ddc
_cEN
_hS
_mVAN